| 000 | 01082naa a2200229 4500 | ||
|---|---|---|---|
| 005 | 20090810151735.0 | ||
| 008 | 090810t xxu||||| |||| 00| 0 eng d | ||
| 010 | _aENG-94705 | ||
| 020 |
_a817276458 _c130.00 |
||
| 035 | _aEN-78238 | ||
| 037 | _bDBAD / PUB | ||
| 040 |
_adpl _bEnglish |
||
| 082 | _a342.540662 | ||
| 245 |
_aNabhi's Right To Information: _cby G. Aruldhas _bone should know a simple handbook to know your Right To Information |
||
| 250 | _a2nd rev. ed. | ||
| 260 |
_aNew Dehli _bNabhi Publications _c2008 |
||
| 270 |
_aP.O. Box No. 37, _bNew Delhi _e110 001 |
||
| 300 |
_axxiv, 344p. _c23cm(pbk) |
||
| 500 | _aIncludes text of Right To Information Act, 2005, text of fee and appeal procedure rules, test of various state rules, text of J&K Right to Information Act & Rules and important circulars/ decisions of CIC | ||
| 942 |
_adpl _cEN _2ddc _h342.540662 _mNAB |
||
| 999 |
_c29085 _d29085 |
||